Normal view MARC view
  • Pakistan

Entry Corporate Name

Number of records used in: 3

001 - CONTROL NUMBER

  • control field: 6758

003 - CONTROL NUMBER IDENTIFIER

  • control field: NUST

005 - DATE AND TIME OF LATEST TRANSACTION

  • control field: 20171124100054.0

008 - FIXED-LENGTH DATA ELEMENTS

  • fixed length control field: 171124|| aca||aabn | a|a d

040 ## - CATALOGING SOURCE

  • Original cataloging agency: NUST
  • Transcribing agency: NUST

110 ## - HEADING--CORPORATE NAME

  • Corporate name or jurisdiction name as entry element: Pakistan
  • Subordinate unit: Army
  • Form subdivision: Biography.

670 ## - SOURCE DATA FOUND

  • Source citation: Work cat.: (NUST)0: 880-01 Labīb, ʻAdnān. 6757, Dāstān-i shujāʻat :, 2011.
© 2023 Central Library, National University of Sciences and Technology. All Rights Reserved.